Learning Breakthrough 2 : Work book
Gorde:
| Formatua: | Liburua |
|---|---|
| Hizkuntza: | Undetermined |
| Argitaratua: |
Cần Thơ
Đại học Cần Thơ
2010
|
| Gaiak: | |
| Etiketak: |
Etiketa erantsi
Etiketarik gabe, Izan zaitez lehena erregistro honi etiketa jartzen!
|
| Thư viện lưu trữ: | Trung tâm Học liệu Trường Đại học Cần Thơ |
|---|
| LEADER | 00661nam a2200205Ia 4500 | ||
|---|---|---|---|
| 001 | CTU_156771 | ||
| 008 | 210402s9999 xx 000 0 und d | ||
| 020 | |c 9000 | ||
| 082 | |a 428.24076 | ||
| 082 | |b L438 | ||
| 245 | 0 | |a Learning Breakthrough 2 : | |
| 245 | 0 | |b Work book | |
| 245 | 0 | |c Nguyễn Hải Quân, Trương Thị Ngọc Điệp | |
| 260 | |a Cần Thơ | ||
| 260 | |b Đại học Cần Thơ | ||
| 260 | |c 2010 | ||
| 650 | |a English language,Tiếng Anh | ||
| 650 | |x Problems, exercises, etc,Câu hỏi và bài tập... | ||
| 904 | |i Lấy cutter theo tên sách | ||
| 980 | |a Trung tâm Học liệu Trường Đại học Cần Thơ | ||